[Event "Bezirk EM 2023"]
[Site "bei SWNS"]
[Date "2023.09.09"]
[Round "6.3"]
[White "Boehme, Sebastian"]
[Black "Ammon, Tobias"]
[Result "1/2-1/2"]
[WhiteElo "2149"]
[BlackElo "2140"]
[PlyCount "87"]
[EventDate "2023.??.??"]
[WhiteTeam "SC Erlangen"]
[BlackTeam "SV Altensittenbach"]

1. e4 c6 2. Nf3 d5 3. d3 dxe4 4. dxe4 Qxd1+ 5. Kxd1 Nf6 6. Nbd2 Nbd7 7. Ne1 Ng4
8. Ke2 b6 9. h3 Ba6+ 10. c4 Nge5 11. b3 g5 12. Bb2 Rg8 13. Nef3 Bg7 14. Rb1
Nxf3 15. Nxf3 Bxb2 16. Rxb2 Rd8 17. Rd2 e6 18. g3 c5 19. Bg2 Bb7 20. Ke3 Ke7
21. Rhd1 h6 22. Rd3 f6 23. Ne1 Ne5 24. Rxd8 Rxd8 25. Rxd8 Kxd8 26. f4 Ng6 27.
Bf3 gxf4+ 28. gxf4 e5 29. Nd3 Nxf4 30. Nxf4 exf4+ 31. Kxf4 Ke7 32. Bg4 Bc6 33.
h4 a5 34. a4 Be8 35. Bf3 Bg6 36. Bg4 Bf7 37. Bd1 Ke6 38. Be2 Bg6 39. Bf3 Bf7
40. Bg4+ Ke7 41. Bd1 Ke6 42. Bf3 Bg6 43. Bg4+ Ke7 44. Bf3 1/2-1/2

[Event "Bezirk EM 2023"]
[Site "bei SWNS"]
[Date "2023.09.09"]
[Round "6.4"]
[White "Koenig, Oliver"]
[Black "Meulner, Klaus"]
[Result "1-0"]
[WhiteElo "2039"]
[BlackElo "2063"]
[PlyCount "39"]
[EventDate "2023.??.??"]
[WhiteTeam "SF Fürth"]
[BlackTeam "SW Nürnberg Süd"]

1. Nc3 Nf6 2. d4 e6 3. Bf4 Bb4 4. Qd3 O-O 5. a3 Bxc3+ 6. Qxc3 Nd5 7. Qd2 Nxf4
8. Qxf4 d6 9. Nf3 Nd7 10. e3 Qe7 11. O-O-O e5 12. dxe5 dxe5 13. Qg3 Kh8 14. Bc4
f6 15. Qh4 Nc5 16. Ba2 a5 17. Qh5 g6 18. Qh6 Ne4 19. Nh4 Qg7 20. Nxg6+ 1-0

[Event "Bezirk EM 2023"]
[Site "bei SWNS"]
[Date "2023.09.09"]
[Round "6.5"]
[White "Erlbeck, Peter"]
[Black "Redzepovic, Irfan"]
[Result "1-0"]
[WhiteElo "2007"]
[BlackElo "2074"]
[PlyCount "100"]
[EventDate "2023.??.??"]
[WhiteTeam "SW Nürnberg Süd"]
[BlackTeam "SW Nürnberg Süd"]

1. e4 e5 2. Nf3 Nc6 3. Bb5 Nf6 4. O-O Nxe4 5. d4 Nd6 6. Bxc6 dxc6 7. dxe5 Nf5
8. Qxd8+ Kxd8 9. Nc3 Ke8 10. h3 h6 11. b3 a5 12. Bb2 b5 13. a4 b4 14. Ne4 Be6
15. Rfe1 Rd8 16. g4 Ne7 17. Nd4 h5 18. Nxe6 fxe6 19. Ng5 hxg4 20. hxg4 Rd2 21.
Rac1 Rh4 22. Re4 Rh6 23. Nf3 Rd5 24. Kg2 c5 25. Rce1 Nc8 26. Bc1 Rh8 27. Ng5
Kd7 28. Rf4 Rd4 29. Rf7+ Be7 30. Rxg7 Rxg4+ 31. Kf3 Rd4 32. Ne4 Kc6 33. Bg5
Rf8+ 34. Kg3 Kd5 35. Bxe7 Nxe7 36. Nf6+ Rxf6 37. exf6 Nf5+ 38. Kf3 e5 39. Rd7+
Ke6 40. Rxd4 Nxd4+ 41. Ke4 Nxc2 42. f7 Kxf7 43. Rc1 Nd4 44. Rxc5 Nxb3 45. Rxc7+
Ke6 46. Rc6+ Kd7 47. Kd5 Nd2 48. Rc5 Nb3 49. Rb5 Kc7 50. Kxe5 Nd2 1-0

[Event "Bezirk EM 2023"]
[Site "bei SWNS"]
[Date "2023.09.09"]
[Round "6.6"]
[White "Meulner, Fabian"]
[Black "Mueller, Christian"]
[Result "1-0"]
[WhiteElo "1971"]
[BlackElo "2020"]
[PlyCount "85"]
[EventDate "2023.??.??"]
[WhiteTeam "SC Jäklechemie"]
[BlackTeam "SW Nürnberg Süd"]

1. c4 e6 2. g3 d5 3. Bg2 Nf6 4. Nf3 Be7 5. O-O O-O 6. b3 b6 7. Bb2 Bb7 8. e3 c5
9. Nc3 Nbd7 10. Qe2 Ne4 11. cxd5 exd5 12. Rfd1 Nxc3 13. Bxc3 Bf6 14. d4 Rc8 15.
Rac1 Qe7 16. Qb2 Rfd8 17. Ne5 Bxe5 18. dxe5 Qe6 19. f4 f6 20. exf6 Nxf6 21.
Bxf6 Qxf6 22. Qxf6 gxf6 23. Rd2 Rc7 24. Rcd1 Rcd7 25. Kf2 Kf7 26. g4 Ke6 27. h4
Ba6 28. g5 f5 29. Bh3 Rd6 30. e4 dxe4 31. Rxd6+ Rxd6 32. Rxd6+ Kxd6 33. Bxf5
Bd3 34. Ke3 Bb1 35. Bxh7 Bxa2 36. Bg8 a5 37. h5 Ke7 38. h6 Kf8 39. h7 Kg7 40.
f5 Bxb3 41. f6+ Kh8 42. Bxb3 Kxh7 43. Kxe4 1-0

[Event "Bezirk EM 2023"]
[Site "bei SWNS"]
[Date "2023.09.09"]
[Round "6.7"]
[White "Seibold, Hubert"]
[Black "Delikatnyi, Denys"]
[Result "1/2-1/2"]
[WhiteElo "2096"]
[BlackElo "1542"]
[PlyCount "116"]
[EventDate "2023.??.??"]
[WhiteTeam "SK Zirndorf"]
[BlackTeam "SC Forchheim"]

1. Nf3 Nf6 2. c4 g6 3. Nc3 Bg7 4. g3 O-O 5. Bg2 c5 6. O-O Nc6 7. d4 cxd4 8.
Nxd4 a6 9. h3 Qc7 10. Nc2 d6 11. Be3 Bf5 12. Rc1 Bxc2 13. Qxc2 Ne5 14. b3 Rac8
15. Qd2 e6 16. Rfd1 Ne8 17. Na4 Nd7 18. Qb4 Rb8 19. Ba7 Ra8 20. Be3 Rb8 21. Qd2
b6 22. Nc3 f5 23. Bh6 Ndf6 24. Bxg7 Kxg7 25. e4 Rf7 26. exf5 gxf5 27. Re1 Re7
28. Re2 Kf7 29. Kh2 Ng7 30. Rce1 Rbe8 31. Rd1 Rd7 32. f4 h5 33. Bf3 Rg8 34. Rg2
Qc8 35. Qd4 Qc5 36. Na4 Qxd4 37. Rxd4 Rb8 38. Rgd2 Ke7 39. Nc3 Nge8 40. a3 Rbd8
41. R4d3 Rc8 42. Ne2 Rcd8 43. Nd4 Rc8 44. Re3 Ng7 45. Rde2 d5 46. Nxe6 Nxe6 47.
Rxe6+ Kf7 48. Bxd5 Nxd5 49. cxd5 Rxd5 50. Rxb6 Rd3 51. Rxa6 Rcc3 52. Ra7+ Kf6
53. Ra6+ Kf7 54. Rg2 h4 55. gxh4 Rxh3+ 56. Kg1 Rc1+ 57. Kf2 Rc2+ 58. Kg1 Rc1+
1/2-1/2

[Event "Bezirk EM 2023"]
[Site "bei SWNS"]
[Date "2023.09.09"]
[Round "6.8"]
[White "Link, Andreas"]
[Black "Hofer, Stefan"]
[Result "1-0"]
[WhiteElo "2079"]
[BlackElo "1989"]
[PlyCount "73"]
[EventDate "2023.??.??"]
[WhiteTeam "Zabo-Eintracht Nbg."]
[BlackTeam "TSV Cadolzburg"]

1. c4 c5 2. Nf3 Nf6 3. Nc3 Nc6 4. g3 d5 5. cxd5 Nxd5 6. Bg2 Nc7 7. d3 e5 8. O-O
Be7 9. Nd2 O-O 10. Nc4 f6 11. f4 Be6 12. fxe5 Bxc4 13. dxc4 fxe5 14. Rxf8+ Bxf8
15. Qxd8 Rxd8 16. Bxc6 bxc6 17. Be3 Ne6 18. Rd1 Nd4 19. Kg2 Be7 20. Bg1 Kf7 21.
e3 Ne6 22. Rxd8 Bxd8 23. h4 Bf6 24. Ne4 h5 25. Kf3 g5 26. Bf2 g4+ 27. Ke2 Be7
28. Be1 Ng7 29. Kd3 Ke6 30. Bc3 Nf5 31. Be1 Ng7 32. Nc3 Nf5 33. Bf2 Bxh4 34.
gxh4 g3 35. Be1 e4+ 36. Kxe4 Nd6+ 37. Kf3 1-0

[Event "Bezirk EM 2023"]
[Site "bei SWNS"]
[Date "2023.09.09"]
[Round "6.9"]
[White "Johanni, Harald"]
[Black "Roeschinger, Udo"]
[Result "1/2-1/2"]
[WhiteElo "1875"]
[BlackElo "2015"]
[PlyCount "65"]
[EventDate "2023.??.??"]
[WhiteTeam "SGem 1978 Nürnberg"]
[BlackTeam "SC Heilsbronn"]

1. c4 c5 2. g3 g6 3. Bg2 Bg7 4. Nc3 Nc6 5. e3 e5 6. a3 Nge7 7. Nge2 d6 8. O-O
Be6 9. b3 O-O 10. Rb1 d5 11. cxd5 Nxd5 12. Bb2 Rc8 13. f4 exf4 14. gxf4 Qd7 15.
Ne4 b6 16. Bxg7 Kxg7 17. Ng5 f5 18. Nxe6+ Qxe6 19. Qc2 Rfd8 20. Rfe1 Na5 21.
Nc3 Nxc3 22. Qxc3+ Qf6 23. Qxf6+ Kxf6 24. e4 fxe4 25. Rxe4 Rxd2 26. b4 cxb4 27.
axb4 Rcc2 28. Bh3 Rxh2 29. bxa5 Rxh3 30. axb6 axb6 31. Rxb6+ Kf5 32. Rbb4 Rg3+
33. Kh1 1/2-1/2

[Event "Bezirk EM 2023"]
[Site "bei SWNS"]
[Date "2023.09.09"]
[Round "6.10"]
[White "Blumenthal, Benjamin"]
[Black "Kroneder, Christian"]
[Result "0-1"]
[WhiteElo "1790"]
[BlackElo "2047"]
[PlyCount "120"]
[EventDate "2023.??.??"]
[WhiteTeam "SC N-T Nürnberg"]
[BlackTeam "SK Schwanstetten"]

1. c4 c6 2. d4 d5 3. e3 Nf6 4. Nc3 e6 5. Nf3 Nbd7 6. a3 Bd6 7. c5 Bc7 8. b4 O-O
9. Be2 e5 10. dxe5 Nxe5 11. Nd4 Qe7 12. h3 Ng6 13. Nf3 Bf5 14. Bb2 Rad8 15. Nd4
Bc8 16. Qc2 Ne4 17. Nxe4 dxe4 18. O-O-O a5 19. Rd2 axb4 20. axb4 Bd7 21. Rhd1
b6 22. Nb3 f5 23. Bc4+ Kh8 24. Bd4 b5 25. Bf1 Be6 26. Bc3 Rxd2 27. Rxd2 Qf7 28.
Nd4 Bd5 29. Qb2 Ra8 30. Kd1 Ra2 31. Qb1 Rxd2+ 32. Kxd2 f4 33. Qe1 Qf8 34. Be2
Qa8 35. Qa1 fxe3+ 36. fxe3 Qxa1 37. Bxa1 Ne5 38. Bc3 Kg8 39. Nf5 Kf7 40. Nd4 g6
41. Kc2 Ke7 42. Be1 Kd7 43. Kc3 Bd8 44. Bg3 Bf6 45. Kd2 h5 46. Kc2 h4 47. Be1
Bc4 48. Bxc4 Nxc4 49. Bf2 Bg5 50. g3 Bxe3 51. Bxe3 Nxe3+ 52. Kd2 Nc4+ 53. Ke2
hxg3 54. Kf1 Ne3+ 55. Kg1 Nd5 56. Nc2 Nf4 57. h4 Ke6 58. Ne3 Ke5 59. Nf1 g2 60.
Ne3 Kd4 0-1

[Event "Bezirk EM 2023"]
[Site "bei SWNS"]
[Date "2023.09.09"]
[Round "6.11"]
[White "Schalaev, Seryozka"]
[Black "Zeltner, Ottmar"]
[Result "1-0"]
[WhiteElo "1702"]
[BlackElo "1982"]
[PlyCount "38"]
[EventDate "2023.??.??"]
[WhiteTeam "SC Jäklechemie"]
[BlackTeam "SK Rothenburg"]

1. d4 g6 2. e4 Bg7 3. Nc3 d6 4. Be2 c6 5. Be3 Nd7 6. f4 e6 7. h4 h5 8. Nf3 Qe7
9. Qd2 Nh6 10. O-O-O Ng4 11. Bg1 Ndf6 12. e5 dxe5 13. dxe5 Nd5 14. Ne4 O-O 15.
Bc5 Qd7 16. Bxf8 Bxf8 17. c4 Nb6 18. Qc3 Qe7 19. Nfg5 Qb4 1-0

[Event "Bezirk EM 2023"]
[Site "bei SWNS"]
[Date "2023.09.09"]
[Round "6.12"]
[White "Bruss, Robert"]
[Black "Suess, Helmut"]
[Result "1-0"]
[WhiteElo "1854"]
[BlackElo "1793"]
[PlyCount "35"]
[EventDate "2023.??.??"]
[WhiteTeam "SV Altensittenbach"]
[BlackTeam "SC Noris-Tarrasch Nürnberg"]

1. d4 g6 2. e4 Bg7 3. Nc3 c5 4. dxc5 Nc6 5. Bd2 Nf6 6. Nf3 O-O 7. Bc4 b6 8.
cxb6 axb6 9. O-O Bb7 10. Re1 Na5 11. Bd3 Rc8 12. Qe2 d6 13. Rad1 Nd7 14. Na4
Bc6 15. Bb5 Nc5 16. Bxc6 Rxc6 17. Nxc5 bxc5 18. Qb5 1-0

[Event "Bezirk EM 2023"]
[Site "bei SWNS"]
[Date "2023.09.09"]
[Round "6.13"]
[White "Kanewski, Josef"]
[Black "Funk, Benno"]
[Result "1-0"]
[WhiteElo "2009"]
[BlackElo "1542"]
[PlyCount "95"]
[EventDate "2023.??.??"]
[WhiteTeam "SW Nürnberg Süd"]
[BlackTeam "SGem 1882 Fürth"]

1. d4 Nf6 2. c4 e6 3. Nc3 d5 4. cxd5 exd5 5. Bg5 Be7 6. e3 c6 7. Bd3 O-O 8. Qc2
h6 9. Bxf6 Bxf6 10. Nf3 Re8 11. O-O Nd7 12. b4 a6 13. Na4 Qe7 14. Rab1 Nf8 15.
Rfc1 Bg4 16. Nd2 Bh5 17. Nc5 Bg6 18. a4 Bxd3 19. Nxd3 Rac8 20. Nc5 Ne6 21. Qd3
Nxc5 22. bxc5 Qd7 23. Rb2 Rb8 24. Rcb1 Bd8 25. Nb3 f5 26. g3 g5 27. Nd2 Ba5 28.
Nf3 g4 29. Ne5 Qc8 30. Rb3 Kg7 31. R1b2 Kf6 32. Qb1 Re7 33. f3 h5 34. fxg4 hxg4
35. Qf1 Bc7 36. Qf4 Bxe5 37. Qh6+ Kf7 38. dxe5 Qe6 39. Qh7+ Kf8 40. Qh8+ Qg8
41. Qf6+ Qf7 42. Qd6 Rbe8 43. Rxb7 Qe6 44. Rxe7 Qxe7 45. Kf2 Kf7 46. Rb6 Qxe5
47. Rb7+ Kg8 48. Qg6+ 1-0

[Event "Bezirk EM 2023"]
[Site "bei SWNS"]
[Date "2023.09.09"]
[Round "6.14"]
[White "Ulusoy, Tolga"]
[Black "Pokorny, Klaus"]
[Result "1-0"]
[WhiteElo "1993"]
[BlackElo "1856"]
[PlyCount "23"]
[EventDate "2023.??.??"]
[WhiteTeam "SC N-T Nürnberg"]
[BlackTeam "TSV Kirchehrenbach"]

1. e4 e6 2. d3 c5 3. g3 Nc6 4. Bg2 g6 5. Nf3 Bg7 6. O-O Nge7 7. c3 e5 8. Be3
Qb6 9. b4 d6 10. Nbd2 Nd4 11. cxd4 cxd4 12. Nc4 1-0

[Event "Bezirk EM 2023"]
[Site "bei SWNS"]
[Date "2023.04.09"]
[Round "7.1"]
[White "Ammon, Tobias"]
[Black "Willim, Michael"]
[Result "1/2-1/2"]
[WhiteElo "2140"]
[BlackElo "2095"]
[Annotator "Dimi"]
[PlyCount "39"]
[EventDate "2023.??.??"]
[WhiteTeam "SV Altensittenbach"]
[BlackTeam "SC Erlangen"]

{[%evp 0,39,19,38,64,64,63,37,36,36,31,5,33,0,7,36,15,-7,24,0,9,-28,33,16,13,0,
44,32,7,60,18,18,40,0,0,0,0,0,0,0,0,0]} 1. e4 c6 2. Nc3 d5 3. Nf3 dxe4 4. Nxe4
Nf6 5. Qe2 Nxe4 6. Qxe4 Nd7 7. Bc4 Nf6 8. Ne5 e6 9. Qe2 b5 10. Bd3 Qc7 11. a4
Bd6 12. Nxc6 O-O 13. axb5 Bb7 14. b3 a6 15. Bb2 axb5 16. Bxf6 gxf6 17. Qg4+ Kh8
18. Qh4 f5 19. Qf6+ Kg8 20. Qg5+ 1/2-1/2

[Event "Bezirk EM 2023"]
[Site "bei SWNS"]
[Date "2023.04.09"]
[Round "7.2"]
[White "Heidrich, Manfred"]
[Black "Erlbeck, Peter"]
[Result "1/2-1/2"]
[WhiteElo "2339"]
[BlackElo "2007"]
[PlyCount "100"]
[EventDate "2023.??.??"]
[WhiteTeam "SC Forchheim"]
[BlackTeam "SW Nürnberg Süd"]

1. e4 c5 2. c3 Nf6 3. e5 Nd5 4. Nf3 Nc6 5. Bc4 Nb6 6. Bb3 c4 7. Bc2 Qc7 8. Qe2
g6 9. O-O Bg7 10. Re1 O-O 11. Na3 Na5 12. b4 cxb3 13. axb3 a6 14. Bb2 d5 15. h3
Nc6 16. b4 Na7 17. Nd4 e6 18. b5 Bd7 19. bxa6 bxa6 20. f4 Rfb8 21. Reb1 Bf8 22.
Bd3 Na4 23. Bc1 Nc5 24. Bc2 Rxb1 25. Nxb1 Rb8 26. Qd1 a5 27. Ba3 Bg7 28. Kh1
Bf8 29. Nb3 Nxb3 30. Bxb3 Nb5 31. Bxf8 Kxf8 32. Ba4 Bc6 33. Qg1 Qb6 34. Qxb6
Rxb6 35. Kg1 Na7 36. Bxc6 Nxc6 37. Kf2 Rb2 38. Ke2 f6 39. exf6 Kf7 40. Kd1 Kxf6
41. Kc1 Rb7 42. Ra4 e5 43. fxe5+ Kxe5 44. Na3 Rf7 45. Rg4 Rf4 46. Rg3 Rf1+ 47.
Kc2 Rf2 48. Kd1 Rf1+ 49. Kc2 Rf2 50. Kd1 Rf1+ 1/2-1/2

[Event "Bezirk EM 2023"]
[Site "bei SWNS"]
[Date "2023.04.09"]
[Round "7.3"]
[White "Boehme, Sebastian"]
[Black "Albert, Markus"]
[Result "1/2-1/2"]
[WhiteElo "2149"]
[BlackElo "2222"]
[Annotator "Dimi"]
[PlyCount "85"]
[EventDate "2023.??.??"]
[WhiteTeam "SC Erlangen"]
[BlackTeam "SC Ansbach 1855"]

{[%evp 0,34,19,25,25,29,24,26,13,-10,-8,-7,-8,11,11,13,28,12,9,9,19,6,-8,3,-5,
-2,3,-13,-3,-12,26,20,36,22,33,34,657]} 1. e4 e5 2. Nf3 Nc6 3. Nc3 Nf6 4. d4
exd4 5. Nxd4 Bb4 6. Nxc6 bxc6 7. Bd3 d5 8. exd5 cxd5 9. O-O O-O 10. Bg5 c6 11.
Qf3 Bd6 12. h3 Rb8 13. b3 Be5 14. Bf4 Qc7 15. Bxe5 Qxe5 16. Rfe1 Qd6 17. Qe3
Qb4 18. a3 Qb6 19. Na4 Qxe3 20. Rxe3 Re8 21. Rae1 Rxe3 22. Rxe3 Kf8 23. b4 h6
24. f3 Ra8 25. Kf2 Nd7 26. Bf5 Nb6 27. Nxb6 axb6 28. Bxc8 Rxc8 29. a4 Ra8 30.
Ra3 Ke7 31. Ke2 Kd6 32. Kd3 c5 33. c3 Kc6 34. Ra1 Ra7 35. h4 Re7 36. a5 Ra7 37.
b5+ Kxb5 38. Rb1+ Kc6 39. Rxb6+ Kc7 40. Rb5 Kc6 41. Rb6+ Kc7 42. Rb5 Kc6 43.
Rb6+ 1/2-1/2

[Event "Bezirk EM 2023"]
[Site "bei SWNS"]
[Date "2023.04.09"]
[Round "7.4"]
[White "Boehme, Markus"]
[Black "Koenig, Oliver"]
[Result "1-0"]
[WhiteElo "2127"]
[BlackElo "2039"]
[Annotator "Dimi"]
[PlyCount "97"]
[EventDate "2023.??.??"]
[WhiteTeam "SC Uttenreuth"]
[BlackTeam "SF Fürth"]

{[%evp 0,14,34,28,79,77,66,54,74,20,19,26,55,34,14,49,49]} 1. d4 Nc6 2. d5 Ne5
3. f4 Ng6 4. e4 e5 5. dxe6 fxe6 6. h4 d5 7. h5 N6e7 8. Nf3 Nf6 9. Nc3 Nxe4 10.
Nxe4 dxe4 11. Qxd8+ Kxd8 12. Ng5 Ke8 13. Nxe4 Nd5 14. a3 Bd7 15. Bd3 Bd6 16.
Nxd6+ cxd6 17. Bd2 Rf8 18. Rh4 h6 19. O-O-O Ke7 20. c4 Rac8 21. Kb1 Ba4 22. Rc1
Nf6 23. g4 Bc6 24. Re1 Kd7 25. g5 Ng8 26. Bc3 Rf7 27. Bg6 Re7 28. f5 Rf8 29.
fxe6+ Rxe6 30. Rxe6 Kxe6 31. Bxg7 Rf1+ 32. Ka2 hxg5 33. h6 Nxh6 34. Rxh6 Rh1
35. Rxh1 Bxh1 36. Kb3 g4 37. Kc3 d5 38. cxd5+ Kxd5 39. Bd4 a6 40. Bf2 b5 41.
Bf5 Bf3 42. Bc8 a5 43. Bb7+ Kd6 44. Bxf3 gxf3 45. Kd4 Kc6 46. Ke5 Kb7 47. Kd5
Ka6 48. Kc5 b4 49. axb4 1-0

[Event "Bezirk EM 2023"]
[Site "bei SWNS"]
[Date "2023.04.09"]
[Round "7.5"]
[White "Meulner, Klaus"]
[Black "Meulner, Fabian"]
[Result "1-0"]
[WhiteElo "2063"]
[BlackElo "1971"]
[PlyCount "91"]
[EventDate "2023.??.??"]
[WhiteTeam "SW Nürnberg Süd"]
[BlackTeam "SC Jäklechemie"]

1. Nf3 d6 2. d4 f5 3. Bg5 h6 4. Bc1 e6 5. Nc3 Nf6 6. Qd3 Be7 7. e4 O-O 8. exf5
exf5 9. Be2 d5 10. Ne5 Nc6 11. a3 Ne4 12. Bf4 Be6 13. Nxc6 bxc6 14. O-O Bd6 15.
Be5 c5 16. Bxd6 Qxd6 17. dxc5 Qxc5 18. Nb5 Qb6 19. b4 a5 20. Nd4 axb4 21. axb4
Bf7 22. b5 Rae8 23. Ra6 Nc5 24. Rxb6 Nxd3 25. Rc6 Nf4 26. Bd3 Ra8 27. Rxc7 Ra4
28. Nc6 d4 29. Ne7+ Kh8 30. b6 Ne6 31. Rc8 Rb4 32. Bxf5 Rxc8 33. Nxc8 Nc5 34.
h4 Bd5 35. Re1 Bc6 36. Ne7 Ba4 37. Nd5 Rb2 38. Rc1 Bc6 39. Ne7 Bb7 40. Re1 g5
41. hxg5 hxg5 42. Re5 Na4 43. Bd3 Kg7 44. Nd5 Kh6 45. Re7 Bxd5 46. Rh7# 1-0

[Event "Bezirk EM 2023"]
[Site "bei SWNS"]
[Date "2023.04.09"]
[Round "7.6"]
[White "Redzepovic, Irfan"]
[Black "Link, Andreas"]
[Result "1/2-1/2"]
[WhiteElo "2074"]
[BlackElo "2079"]
[PlyCount "63"]
[EventDate "2023.??.??"]
[WhiteTeam "SW Nürnberg Süd"]
[BlackTeam "Zabo-Eintracht Nbg."]

1. d4 Nf6 2. Nf3 e6 3. g3 c5 4. Bg2 Nc6 5. O-O cxd4 6. Nxd4 a6 7. c4 Qc7 8. b3
Be7 9. Bb2 d6 10. Nc3 Bd7 11. Rc1 Nxd4 12. Qxd4 e5 13. Qd2 Bc6 14. e4 Rd8 15.
b4 Qd7 16. Qe2 b5 17. Rfd1 O-O 18. cxb5 axb5 19. a4 bxa4 20. b5 Ba8 21. Ra1 Rb8
22. Rxa4 Rfc8 23. Qd3 Ne8 24. Rda1 Bd8 25. Ra7 Qe6 26. R7a4 Bb6 27. Qf1 Qb3 28.
Qc1 Qe6 29. R1a2 Bd4 30. Qa1 Bb7 31. Nd1 Bb6 32. R2a3 1/2-1/2

[Event "Bezirk EM 2023"]
[Site "bei SWNS"]
[Date "2023.04.09"]
[Round "7.7"]
[White "Mueller, Christian"]
[Black "Seibold, Hubert"]
[Result "0-1"]
[WhiteElo "2020"]
[BlackElo "2096"]
[PlyCount "28"]
[EventDate "2023.??.??"]
[WhiteTeam "SW Nürnberg Süd"]
[BlackTeam "SK Zirndorf"]

1. e4 c5 2. Nf3 Nc6 3. Bb5 e6 4. Bxc6 bxc6 5. e5 f6 6. O-O fxe5 7. Nxe5 Nf6 8.
d3 d6 9. Nc4 Be7 10. Qe2 O-O 11. Nbd2 e5 12. b3 Nd5 13. f3 Nf4 14. Qf2 Bh3 0-1

[Event "Bezirk EM 2023"]
[Site "bei SWNS"]
[Date "2023.04.09"]
[Round "7.8"]
[White "Kroneder, Christian"]
[Black "Schalaev, Seryozka"]
[Result "1-0"]
[WhiteElo "2047"]
[BlackElo "1702"]
[Annotator "Dimi"]
[PlyCount "75"]
[EventDate "2023.??.??"]
[WhiteTeam "SK Schwanstetten"]
[BlackTeam "SC Jäklechemie"]

{[%evp 0,24,26,30,27,3,17,16,48,43,31,33,28,11,40,24,19,16,29,29,29,27,51,26,
42,29,61]} 1. d4 d5 2. Nc3 Nf6 3. Bf4 Nh5 4. Bd2 Nf6 5. Nf3 Bf5 6. Bf4 Nh5 7.
Bg3 Nxg3 8. hxg3 h6 9. e3 e6 10. Bd3 Bxd3 11. cxd3 c5 12. Qa4+ Qd7 13. Nb5 Nc6
14. O-O Rc8 15. dxc5 Bxc5 16. Rac1 Bd6 17. Nfd4 a6 18. Nxd6+ Qxd6 19. Rc3 O-O
20. Rfc1 Nxd4 21. Qxd4 Rxc3 22. Qxc3 b5 23. b4 Rb8 24. Kf1 Kh7 25. a3 Kg6 26.
d4 Kf6 27. Ke2 Rb6 28. Kd3 Kf5 29. Qc5 Qxc5 30. bxc5 Rc6 31. Rb1 Kf6 32. a4 Rc8
33. axb5 Rb8 34. b6 Ke7 35. c6 Kd6 36. c7 Re8 37. Rc1 Kd7 38. b7 1-0

[Event "Bezirk EM 2023"]
[Site "bei SWNS"]
[Date "2023.04.09"]
[Round "7.9"]
[White "Delikatnyi, Denys"]
[Black "Johanni, Harald"]
[Result "1-0"]
[WhiteElo "1542"]
[BlackElo "1875"]
[Annotator "Dimi"]
[PlyCount "55"]
[EventDate "2023.??.??"]
[WhiteTeam "SC Forchheim"]
[BlackTeam "SGem 1978 Nürnberg"]

{[%evp 0,17,36,25,52,1,0,-22,-20,-4,52,57,59,50,61,61,52,46,45,36]} 1. e4 c5 2.
c3 d5 3. exd5 Qxd5 4. d4 g6 5. Nf3 Bg7 6. Be3 cxd4 7. cxd4 Nf6 8. Nc3 Qa5 9.
Bb5+ Bd7 10. Bxd7+ Nbxd7 11. O-O O-O 12. Qb3 Nb6 13. Rfd1 Nfd5 14. Bd2 Qb4 15.
Nxd5 Qxb3 16. Nxe7+ Kh8 17. axb3 Rfe8 18. Re1 a6 19. Ba5 Nd7 20. Nd5 Kg8 21.
Nc7 Rxe1+ 22. Rxe1 Rc8 23. Re8+ Rxe8 24. Nxe8 f6 25. Nxg7 Kxg7 26. Kf1 Kf7 27.
Ke2 Ke6 28. Kd3 1-0

[Event "Bezirk EM 2023"]
[Site "bei SWNS"]
[Date "2023.04.09"]
[Round "7.10"]
[White "Roeschinger, Udo"]
[Black "Bruss, Robert"]
[Result "1/2-1/2"]
[WhiteElo "2015"]
[BlackElo "1854"]
[PlyCount "27"]
[EventDate "2023.??.??"]
[WhiteTeam "SC Heilsbronn"]
[BlackTeam "SV Altensittenbach"]

1. e4 c5 2. c4 Nc6 3. Nc3 g6 4. g3 Bg7 5. Bg2 d6 6. Nge2 e6 7. O-O Nge7 8. d3
O-O 9. Be3 Nd4 10. Qd2 Re8 11. Rab1 a5 12. Bh6 Bh8 13. h4 Bd7 14. h5 1/2-1/2

[Event "Bezirk EM 2023"]
[Site "bei SWNS"]
[Date "2023.04.09"]
[Round "7.11"]
[White "Hofer, Stefan"]
[Black "Kanewski, Josef"]
[Result "1/2-1/2"]
[WhiteElo "1989"]
[BlackElo "2009"]
[PlyCount "134"]
[EventDate "2023.??.??"]
[WhiteTeam "TSV Cadolzburg"]
[BlackTeam "SW Nürnberg Süd"]

1. Nf3 f5 2. g3 Nf6 3. Bg2 d6 4. d4 g6 5. b4 Bg7 6. Bb2 O-O 7. c4 c6 8. Qb3 d5
9. O-O e6 10. a4 a6 11. c5 b6 12. cxb6 Qxb6 13. Nbd2 Ne4 14. e3 Nd7 15. Nxe4
fxe4 16. Nd2 Nf6 17. Rfc1 Bd7 18. Rc2 Rf7 19. Rac1 Ng4 20. Nxe4 dxe4 21. Bxe4
Rb8 22. Ba3 Bxd4 23. exd4 Qxd4 24. Qd3 Qa7 25. Bb2 Nxf2 26. Bd4 Nxd3 27. Bxa7
Rb7 28. Bxd3 Rxa7 29. Be4 Rb7 30. Rc4 Rf8 31. Bxc6 Bxc6 32. Rxc6 Rxb4 33. Rxa6
Kg7 34. Ra7+ Kh6 35. Rc2 Rb1+ 36. Kg2 Ra1 37. Re2 Rf5 38. h4 Ra3 39. g4 Rf4 40.
g5+ Kh5 41. Rxh7+ Kg4 42. a5 Rxa5 43. Kh2 Raa4 44. Rg2+ Kf3 45. Rg3+ Ke4 46.
Kh3 Ra1 47. Rb3 Rf3+ 48. Rxf3 Kxf3 49. Rf7+ Ke4 50. Kg2 Ke5 51. Rf3 Ra4 52. Kg3
Ra8 53. h5 gxh5 54. Kh4 Ra1 55. Kxh5 Rh1+ 56. Kg6 Rg1 57. Kh6 Ke4 58. Rf6 e5
59. g6 Rh1+ 60. Kg7 Kd3 61. Rd6+ Kc3 62. Kf6 e4 63. Kf5 e3 64. g7 Rg1 65. Rg6
Rxg6 66. Kxg6 e2 67. g8=Q e1=Q 1/2-1/2

[Event "Bezirk EM 2023"]
[Site "bei SWNS"]
[Date "2023.04.09"]
[Round "7.12"]
[White "Zeltner, Ottmar"]
[Black "Ulusoy, Tolga"]
[Result "1/2-1/2"]
[WhiteElo "1982"]
[BlackElo "1993"]
[PlyCount "120"]
[EventDate "2023.??.??"]
[WhiteTeam "SK Rothenburg"]
[BlackTeam "SC N-T Nürnberg"]

1. e4 c5 2. Nf3 d6 3. Nc3 Nf6 4. d4 cxd4 5. Nxd4 g6 6. Be3 Nc6 7. f3 h5 8. Qd2
Nxd4 9. Bxd4 Bh6 10. Be3 Bxe3 11. Qxe3 Be6 12. Bb5+ Kf8 13. O-O a6 14. Bd3 Qc7
15. Ne2 Kg7 16. c3 h4 17. f4 h3 18. g3 Ng4 19. Qf3 Qc5+ 20. Nd4 Bd7 21. Kh1
Raf8 22. Rae1 e5 23. Nb3 Qc6 24. Na5 Qc7 25. Nc4 b5 26. Ne3 Nxe3 27. Qxe3 f6
28. Kg1 Rd8 29. Qf3 Qc5+ 30. Rf2 Rdf8 31. Qe3 Be6 32. Bf1 Qxe3 33. Rxe3 Bxa2
34. Rd3 exf4 35. gxf4 Rd8 36. Bxh3 Bb1 37. Re3 Rde8 38. Bg2 Re6 39. Rfe2 Rh4
40. Rf2 f5 41. e5 dxe5 42. fxe5 Be4 43. Bxe4 Rxe4 44. Rxe4 fxe4 45. Re2 Rxe5
46. Kf2 Kf6 47. Ke3 Re6 48. Rd2 Kf5 49. Rd8 Kg4 50. Rh8 a5 51. Ra8 a4 52. Ra5
Rb6 53. Kxe4 Kh3 54. Kf4 Kxh2 55. Kg5 Kg3 56. b3 axb3 57. Ra3 Kf3 58. Rxb3 Ke4
59. Rb4+ Kd5 60. c4+ Kc5 1/2-1/2

[Event "Bezirk EM 2023"]
[Site "bei SWNS"]
[Date "2023.04.09"]
[Round "7.13"]
[White "Funk, Benno"]
[Black "Blumenthal, Benjamin"]
[Result "1-0"]
[WhiteElo "1542"]
[BlackElo "1790"]
[PlyCount "87"]
[EventDate "2023.??.??"]
[WhiteTeam "SGem 1882 Fürth"]
[BlackTeam "SC N-T Nürnberg"]

1. e4 Nf6 2. e5 Nd5 3. d4 d6 4. exd6 Qxd6 5. c4 Nf6 6. Nf3 g6 7. Nc3 Bg7 8. Nb5
Qd8 9. Bf4 Na6 10. Be2 c6 11. Nc3 O-O 12. Qd2 Bf5 13. O-O Qd7 14. Ne5 Qc8 15.
Rad1 Rd8 16. Rfe1 Nb4 17. Rc1 Na6 18. Qe3 Re8 19. h3 h5 20. a3 Nc7 21. Rcd1 Ne6
22. Bh2 c5 23. d5 Nd4 24. Bd3 Bxd3 25. Qxd3 Nd7 26. Nf3 Nf5 27. Nb5 Nd6 28.
Bxd6 exd6 29. Rxe8+ Qxe8 30. Nc7 Qd8 31. Nxa8 Qxa8 32. b3 Ne5 33. Nxe5 Bxe5 34.
Qe4 Qd8 35. f4 f5 36. Qe2 Bxf4 37. Qe6+ Kg7 38. Re1 Be5 39. Rxe5 dxe5 40. d6
Qf6 41. Qd7+ Kh6 42. Qe7 Qh8 43. d7 e4 44. d8=Q 1-0

[Event "Bezirk EM 2023"]
[Site "bei SWNS"]
[Date "2023.04.09"]
[Round "7.14"]
[White "Gottlieb, Michael"]
[Black "Suess, Helmut"]
[Result "1/2-1/2"]
[WhiteElo "1653"]
[BlackElo "1793"]
[PlyCount "33"]
[EventDate "2023.??.??"]
[WhiteTeam "SV Postbauer"]
[BlackTeam "SC Noris-Tarrasch Nürnberg"]

1. e4 c6 2. Nf3 g6 3. d4 Bg7 4. Nc3 d5 5. Be3 dxe4 6. Nxe4 Bg4 7. Bc4 e6 8. c3
Qc7 9. h3 Bxf3 10. Qxf3 Nd7 11. Ng5 Ndf6 12. Bf4 Qd7 13. Be5 Qe7 14. g4 h6 15.
Ne4 Nxe4 16. Bxg7 Rh7 17. Be5 1/2-1/2